00505pab a2200169 454500008004000000100001600040245007400056260000900130300001300139362001200152650001700164773001300181908000600194909001100200999001900211952010500230180718b2013 xxu||||| |||| 00| 0 eng d aSingh, U.B. aProperty tax reforms in Kanpur municipal corporation: An impact study c2013 ap.43-62. aJan-Mar aProperty tax aNagarlok aN a103219 c103215d103215 00104070aIIPAbIIPAd2018-07-19hVolume no: 45, Issue no: 1pAR103679r2018-07-19w2018-07-19yAR